<?xml version="1.0" encoding="UTF-8"?>
<record
    xmlns:xsi="http://www.w3.org/2001/XMLSchema-instance"
    xsi:schemaLocation="http://www.loc.gov/MARC21/slim http://www.loc.gov/standards/marcxml/schema/MARC21slim.xsd"
    xmlns="http://www.loc.gov/MARC21/slim">

  <leader>01335cam a2200277 a 4500</leader>
  <controlfield tag="003">OSt</controlfield>
  <controlfield tag="005">20160827144144.0</controlfield>
  <controlfield tag="008">031204s2004    mau      b    001 0 eng  </controlfield>
  <datafield tag="020" ind1=" " ind2=" ">
    <subfield code="a">1405108541 (hardcover : alk. paper)</subfield>
  </datafield>
  <datafield tag="020" ind1=" " ind2=" ">
    <subfield code="a">9781405108539</subfield>
  </datafield>
  <datafield tag="040" ind1=" " ind2=" ">
    <subfield code="a">DLC</subfield>
    <subfield code="c">DLC</subfield>
    <subfield code="d">DLC</subfield>
    <subfield code="b">ara</subfield>
  </datafield>
  <datafield tag="043" ind1=" " ind2=" ">
    <subfield code="a">e-uk---</subfield>
    <subfield code="a">n-us---</subfield>
  </datafield>
  <datafield tag="082" ind1="0" ind2="0">
    <subfield code="a">820.9112</subfield>
    <subfield code="2">22</subfield>
    <subfield code="b">ADM</subfield>
  </datafield>
  <datafield tag="100" ind1="1" ind2=" ">
    <subfield code="a">Ayers, David,</subfield>
    <subfield code="d">1960-</subfield>
    <subfield code="9">56399</subfield>
  </datafield>
  <datafield tag="245" ind1="1" ind2="0">
    <subfield code="a">Modernism :</subfield>
    <subfield code="b">a short introduction /</subfield>
    <subfield code="c">David Ayers.</subfield>
  </datafield>
  <datafield tag="250" ind1=" " ind2=" ">
    <subfield code="a">&#x637;. 1.</subfield>
  </datafield>
  <datafield tag="260" ind1=" " ind2=" ">
    <subfield code="a">Malden, MA :</subfield>
    <subfield code="b">Blackwell Pub.,</subfield>
    <subfield code="c">2004.</subfield>
  </datafield>
  <datafield tag="300" ind1=" " ind2=" ">
    <subfield code="a">xii, 153 p. ;</subfield>
    <subfield code="c">24 cm.</subfield>
  </datafield>
  <datafield tag="440" ind1=" " ind2="0">
    <subfield code="a">Blackwell introductions to literature</subfield>
    <subfield code="9">56385</subfield>
  </datafield>
  <datafield tag="504" ind1=" " ind2=" ">
    <subfield code="a">Includes bibliographical references (p. [135]-148) and index.</subfield>
  </datafield>
  <datafield tag="505" ind1="0" ind2=" ">
    <subfield code="a">H.D., Ezra Pound and imagism -- T.S. Eliot and modernist reading -- 'The waste land', Nancy Cunard, and Mina Loy -- Wallace Stevens and romantic legacy -- Wyndham Lewis : genius and art -- James Joyce : Ulysses and love -- D.H. Lawrence : jazz and life -- Virginia Woolf : art and class -- The modernity of Adorno and Benjamin -- The post-structuralist inflection.</subfield>
  </datafield>
  <datafield tag="650" ind1=" " ind2="0">
    <subfield code="a">English literature</subfield>
    <subfield code="y">20th century</subfield>
    <subfield code="x">History and criticism.</subfield>
    <subfield code="9">7494</subfield>
  </datafield>
  <datafield tag="650" ind1=" " ind2="0">
    <subfield code="a">Modernism (Literature)</subfield>
    <subfield code="z">English-speaking countries</subfield>
    <subfield code="9">8536</subfield>
  </datafield>
  <datafield tag="650" ind1=" " ind2="0">
    <subfield code="a">American literature</subfield>
    <subfield code="y">20th century</subfield>
    <subfield code="x">History and criticism.</subfield>
    <subfield code="9">7623</subfield>
  </datafield>
  <datafield tag="942" ind1=" " ind2=" ">
    <subfield code="c">BOOK</subfield>
  </datafield>
  <datafield tag="999" ind1=" " ind2=" ">
    <subfield code="c">39729</subfield>
    <subfield code="d">274229</subfield>
  </datafield>
  <datafield tag="952" ind1=" " ind2=" ">
    <subfield code="1">0</subfield>
    <subfield code="2">2016-08-27</subfield>
    <subfield code="4">0</subfield>
    <subfield code="7">0</subfield>
    <subfield code="a">820.9112 ADM</subfield>
    <subfield code="d">2016-08-27</subfield>
    <subfield code="h">CL</subfield>
    <subfield code="i">00654778</subfield>
    <subfield code="m">CL</subfield>
    <subfield code="r">2016-08-27 00:00:00</subfield>
    <subfield code="t">BOOK</subfield>
    <subfield code="w">ddc</subfield>
    <subfield code="y">0</subfield>
  </datafield>
  <datafield tag="952" ind1=" " ind2=" ">
    <subfield code="1">0</subfield>
    <subfield code="2">2016-08-27</subfield>
    <subfield code="4">0</subfield>
    <subfield code="7">0</subfield>
    <subfield code="a">820.9112 ADM</subfield>
    <subfield code="d">2016-08-27</subfield>
    <subfield code="h">CL</subfield>
    <subfield code="i">00654779</subfield>
    <subfield code="m">CL</subfield>
    <subfield code="r">2016-08-27 00:00:00</subfield>
    <subfield code="t">BOOK</subfield>
    <subfield code="w">ddc</subfield>
    <subfield code="y">0</subfield>
  </datafield>
  <datafield tag="952" ind1=" " ind2=" ">
    <subfield code="1">0</subfield>
    <subfield code="2">2016-08-27</subfield>
    <subfield code="4">0</subfield>
    <subfield code="7">0</subfield>
    <subfield code="a">820.9112 ADM</subfield>
    <subfield code="d">2016-08-27</subfield>
    <subfield code="h">CL</subfield>
    <subfield code="i">00654780</subfield>
    <subfield code="m">CL</subfield>
    <subfield code="r">2016-08-27 00:00:00</subfield>
    <subfield code="t">BOOK</subfield>
    <subfield code="w">ddc</subfield>
    <subfield code="y">0</subfield>
  </datafield>
  <datafield tag="952" ind1=" " ind2=" ">
    <subfield code="1">0</subfield>
    <subfield code="2">2016-08-27</subfield>
    <subfield code="4">0</subfield>
    <subfield code="7">0</subfield>
    <subfield code="a">820.9112 ADM</subfield>
    <subfield code="d">2016-08-27</subfield>
    <subfield code="h">IC</subfield>
    <subfield code="i">00654848</subfield>
    <subfield code="m">IC</subfield>
    <subfield code="r">2016-08-27 00:00:00</subfield>
    <subfield code="t">BOOK</subfield>
    <subfield code="w">ddc</subfield>
    <subfield code="y">0</subfield>
  </datafield>
  <datafield tag="952" ind1=" " ind2=" ">
    <subfield code="1">0</subfield>
    <subfield code="2">2016-08-27</subfield>
    <subfield code="4">0</subfield>
    <subfield code="7">0</subfield>
    <subfield code="a">820.9112 ADM</subfield>
    <subfield code="d">2016-08-27</subfield>
    <subfield code="h">IC</subfield>
    <subfield code="i">00654849</subfield>
    <subfield code="m">IC</subfield>
    <subfield code="r">2016-08-27 00:00:00</subfield>
    <subfield code="t">BOOK</subfield>
    <subfield code="w">ddc</subfield>
    <subfield code="y">0</subfield>
  </datafield>
  <datafield tag="952" ind1=" " ind2=" ">
    <subfield code="1">0</subfield>
    <subfield code="2">2016-08-27</subfield>
    <subfield code="4">0</subfield>
    <subfield code="7">0</subfield>
    <subfield code="a">820.9112 ADM</subfield>
    <subfield code="d">2016-08-27</subfield>
    <subfield code="h">SGF</subfield>
    <subfield code="i">00654882</subfield>
    <subfield code="m">SGF</subfield>
    <subfield code="r">2016-08-27 00:00:00</subfield>
    <subfield code="t">BOOK</subfield>
    <subfield code="w">ddc</subfield>
    <subfield code="y">0</subfield>
  </datafield>
  <datafield tag="952" ind1=" " ind2=" ">
    <subfield code="1">0</subfield>
    <subfield code="2">2016-08-27</subfield>
    <subfield code="4">0</subfield>
    <subfield code="7">0</subfield>
    <subfield code="a">820.9112 ADM</subfield>
    <subfield code="d">2016-08-27</subfield>
    <subfield code="h">SGF</subfield>
    <subfield code="i">00654883</subfield>
    <subfield code="m">SGF</subfield>
    <subfield code="q">2018-02-06</subfield>
    <subfield code="r">2018-02-19 00:00:00</subfield>
    <subfield code="t">BOOK</subfield>
    <subfield code="w">ddc</subfield>
    <subfield code="y">1</subfield>
  </datafield>
</record>
